[Event "Olympiad-44"]
[Site "Chennai"]
[Date "2022.08.06"]
[Round "8.2"]
[White "Winston, Gerald Mansfield Th"]
[Black "Hair, Justin M"]
[Result "1-0"]
[WhiteElo "1832"]
[BlackElo "1505"]
[PlyCount "111"]
[EventDate "2022.07.29"]
[EventType "team-swiss"]
[EventRounds "11"]
[EventCountry "IND"]
[SourceTitle "CBM 210"]
[Source "ChessBase"]
[SourceDate "2022.10.31"]
[SourceVersion "1"]
[SourceVersionDate "2022.10.31"]
[SourceQuality "1"]
[WhiteTeam "Sierra Leone"]
[BlackTeam "US Virgin Islands"]
[WhiteTeamCountry "SIE"]
[BlackTeamCountry "ISV"]

1. e4 e6 2. d4 d5 3. exd5 exd5 4. Bd3 c5 5. c3 Bd7 6. Nf3 Bd6 7. dxc5 Bxc5 8. Qb3 Qe7+ 9. Be2 Bc6 10. Bg5 Nf6 11. Nbd2 Nbd7 12. 0-0 0-0 13. Bd3 Qd6 14. Rad1 Rac8 15. Qc2 h6 16. Bxf6 Nxf6 17. Nb3 Bb6 18. Nbd4 Bxd4 19. Nxd4 Ng4 20. g3 Bd7 21. Bf5 Ne5 22. f4 Ng4 23. Rfe1 Rfe8 24. Qd2 Bxf5 25. Nxf5 Qb6+ 26. Nd4 Re4 27. h3 Nf6 28. Kg2 Rce8 29. b3 Nh5 30. Rxe4 dxe4 31. Qe3 Qa5 32. a4 f5 33. Ne2 g6 34. Rd7 Qa6 35. c4 Qc6 36. Rd2 a6 37. a5 Qc7 38. Qb6 Qe7 39. Qxg6+ Ng7 40. Qd6 Qf7 41. Qxh6 Re6 42. Qg5 Rg6 43. Qd8+ Kh7 44. Qd7 Qf8 45. Qd4 Qb4 46. Qc3 Qa3 47. h4 Qe7 48. Kh3 e3 49. Rd4 Rg4 50. Qd3 Kh6 51. Rd6+ Kh5 52. Rd7 Qe8 53. Rd8 Qc6 54. Qd5 Qc7 55. Qd6 Qf7 56. Rh8# 1-0

[Event "Online Olym Div4 E"]
[Site "Chess.com INT"]
[Date "2020.08.01"]
[Round "6.1"]
[White "Winston, Gerald Mansfield Th"]
[Black "Ramtulla, Aaron"]
[Result "1-0"]
[WhiteElo "1832"]
[BlackElo "1191"]
[PlyCount "65"]
[EventDate "2020.07.31"]
[EventType "team-tourn (rapid)"]
[EventRounds "9"]
[EventCountry "USA"]
[SourceTitle "CBM 198"]
[Source "ChessBase"]
[SourceDate "2020.10.31"]
[SourceVersion "1"]
[SourceVersionDate "2020.10.31"]
[SourceQuality "1"]
[WhiteTeam "Sierra Leone"]
[BlackTeam "Bahamas"]
[WhiteTeamCountry "SIE"]
[BlackTeamCountry "BAH"]

1. e4 e5 2. Nf3 Nc6 3. Bb5 a6 4. Ba4 Nf6 5. d3 Bc5 6. c3 d5 7. Qe2 0-0 8. 0-0 b5 9. Bb3 dxe4 10. dxe4 h6 11. h3 Qe7 12. Nbd2 b4 13. Re1 a5 14. Ba4 Bd7 15. Nf1 Rfe8 16. Ng3 Ra7 17. Bd2 Bb6 18. Nh4 Kf8 19. Nhf5 Bxf5 20. Nxf5 Qd7 21. Rad1 Qe6 22. Qf3 Nd4 23. cxd4 exd4 24. Bxe8 Nxe8 25. b3 Bc5 26. Bf4 g5 27. Bc1 a4 28. Bb2 axb3 29. axb3 Ra2 30. Bxd4 Bxd4 31. Nxd4 Qe7 32. Qf5 Ng7 33. Qh7 1-0

[Event "Olympiad-43"]
[Site "Batumi"]
[Date "2018.10.02"]
[Round "8.2"]
[White "Dabuae, David"]
[Black "Winston, Gerald Mansfield Th"]
[Result "1-0"]
[WhiteElo "1723"]
[BlackElo "1844"]
[PlyCount "99"]
[EventDate "2018.09.24"]
[EventType "team-swiss"]
[EventRounds "11"]
[EventCountry "GEO"]
[SourceTitle "CBM 187"]
[Source "ChessBase"]
[SourceDate "2018.12.11"]
[SourceVersion "1"]
[SourceVersionDate "2018.12.11"]
[SourceQuality "1"]
[WhiteTeam "Nauru"]
[BlackTeam "Sierra Leone"]
[WhiteTeamCountry "NAU"]
[BlackTeamCountry "SIE"]

1. e4 c5 2. Nf3 d6 3. c3 Nf6 4. Be2 a6 5. 0-0 Nc6 6. d3 e5 7. h3 Be7 8. Nh2 0-0 9. f4 d5 10. fxe5 Nxe5 11. d4 Ng6 12. exd5 Nxd5 13. c4 Nf6 14. d5 Ne4 15. Bd3 Nd6 16. Nd2 Ne5 17. Be2 Bf6 18. Ndf3 Nexc4 19. Qc2 b5 20. Rb1 Bf5 21. Bd3 Bxd3 22. Qxd3 Ne5 23. Nxe5 Bxe5 24. Ng4 Bd4+ 25. Be3 Bxe3+ 26. Qxe3 Rc8 27. Rbd1 Re8 28. Qg3 Kh8 29. Ne5 f6 30. Nc6 Qd7 31. Rfe1 Ne4 32. Qf4 Nd6 33. g4 Nf7 34. h4 h6 35. Kf2 c4 36. Qf5 Qd6 37. Kg2 Ra8 38. Re6 Rxe6 39. Qxe6 Qf4 40. Rd4 Qc7 41. Ne7 Ne5 42. g5 Rf8 43. gxf6 gxf6 44. Rf4 Kg7 45. Rxf6 Rf7 46. d6 Qb7+ 47. Kg3 Qh1 48. Rxf7+ Nxf7 49. Qg6+ Kf8 50. Qg8# 1-0

[Event "Olympiad-39"]
[Site "Khanty-Mansiysk"]
[Date "2010.09.29"]
[Round "8.2"]
[White "Dos Santos Lima, Osvaldo Gama"]
[Black "Winston, Gerald Mansfield Th"]
[Result "1-0"]
[WhiteElo "1727"]
[BlackElo "1637"]
[PlyCount "119"]
[EventDate "2010.09.21"]
[EventType "team-swiss"]
[EventRounds "11"]
[EventCountry "RUS"]
[SourceTitle "CBM 139"]
[Source "ChessBase"]
[SourceDate "2010.11.18"]
[SourceVersion "1"]
[SourceVersionDate "2010.11.18"]
[SourceQuality "1"]
[WhiteTeam "Sao Tome and Principe"]
[BlackTeam "Sierra Leone"]
[WhiteTeamCountry "SAO"]
[BlackTeamCountry "SIE"]

1. c4 c5 2. Nc3 Nf6 3. g3 Nc6 4. Bg2 e5 5. e3 d6 6. a3 Be6 7. b3 Rc8 8. Nge2 Bg4 9. Qc2 Be7 10. Bb2 0-0 11. 0-0 Qd7 12. f4 exf4 13. Nxf4 Bf5 14. d3 Rfe8 15. Ncd5 Nxd5 16. Nxd5 Bg6 17. Qc3 Ne5 18. Rad1 Bg5 19. Rf4 f6 20. Rff1 Bh5 21. Rde1 Rf8 22. h3 Bg6 23. Rd1 Rce8 24. d4 cxd4 25. exd4 Nc6 26. Rde1 Rxe1 27. Rxe1 Re8 28. b4 Qd8 29. h4 Bh6 30. Kf2 Bf7 31. Bf3 f5 32. Rxe8+ Bxe8 33. b5 Na5 34. Ne3 Bxe3+ 35. Kxe3 Bf7 36. d5 f4+ 37. Kxf4 Qf6+ 38. Qxf6 gxf6 39. Be2 Kg7 40. h5 h6 41. Kf5 Be8 42. Bxf6+ Kf7 43. Bc3 Nb3 44. Kf4 Nc1 45. Bf1 Bd7 46. g4 Kg8 47. Bb4 Nb3 48. Bxd6 a6 49. bxa6 bxa6 50. c5 a5 51. Ba6 Kg7 52. c6 Be8 53. c7 Bd7 54. c8Q Bxc8 55. Bxc8 Nd2 56. Ba6 Kf7 57. Ke3 Nb3 58. Bc4 Na1 59. Kd2 a4 60. Be5 1-0

[Event "Olympiad-39"]
[Site "Khanty-Mansiysk"]
[Date "2010.09.21"]
[Round "1.2"]
[White "Roselli Mailhe, Bernardo"]
[Black "Winston, Gerald Mansfield Th"]
[Result "1-0"]
[WhiteElo "2399"]
[BlackElo "1637"]
[PlyCount "107"]
[EventDate "2010.09.21"]
[EventType "team-swiss"]
[EventRounds "11"]
[EventCountry "RUS"]
[SourceTitle "CBM 139"]
[Source "ChessBase"]
[SourceDate "2010.11.18"]
[SourceVersion "1"]
[SourceVersionDate "2010.11.18"]
[SourceQuality "1"]
[WhiteTeam "Uruguay"]
[BlackTeam "Sierra Leone"]
[WhiteTeamCountry "URU"]
[BlackTeamCountry "SIE"]

1. d4 d5 2. c4 c6 3. Nf3 Nf6 4. Qc2 e6 5. g3 Bd6 6. Bg2 Nbd7 7. 0-0 h6 8. Nbd2 0-0 9. e4 dxe4 10. Nxe4 Nxe4 11. Qxe4 Nf6 12. Qe2 Re8 13. b3 Qc7 14. c5 Be7 15. Bb2 Nd5 16. Rac1 Bd7 17. Rfe1 Bf6 18. Nd2 b5 19. cxb6 axb6 20. a4 Bg5 21. f4 Bf6 22. Kh1 Qb7 23. Nc4 Be7 24. Ne5 Bb4 25. Red1 Rec8 26. Nd3 Bf8 27. Ra1 Be8 28. Rdc1 Bd7 29. Ba3 Bxa3 30. Rxa3 Be8 31. Qd2 Qe7 32. Ra2 Qa7 33. Rac2 Qe7 34. Qe1 Qd6 35. Ra2 Ra7 36. b4 f6 37. a5 Bg6 38. Be4 Bxe4+ 39. Qxe4 f5 40. Qe5 Qxe5 41. dxe5 Kf7 42. Rcc2 bxa5 43. bxa5 Rcc7 44. a6 Ra8 45. Rc1 Rb8 46. Raa1 Ne7 47. Nc5 Ra8 48. Rab1 Nd5 49. Rb7 Ra7 50. Rcb1 Ne7 51. Rxa7 Rxa7 52. Rb7 Ra8 53. a7 Ke8 54. Rb8+ 1-0